Geography Quiz

Random Geography or City Quiz

US Cities on a Map Quiz Stats

 Plays Quiz Updated Oct 26, 2016

Score 0/20 Timer 06:00
24 Plays Today
% Correct
Portland, Oregon
87.9%
San Diego, California
83.4%
Las Vegas, Nevada
81.4%
Denver, Colorado
73.1%
Boston, Massachusetts
71.7%
Houston, Texas
71.3%
Minneapolis, Minnesota
66.8%
Boise, Idaho
64.2%
Tampa, Florida
63.6%
Baton Rouge, Louisiana
62.1%
% Correct
Buffalo, New York
61.5%
El Paso, Texas
58.6%
Pittsburgh, Pennsylvania
57.4%
Kansas City, Missouri
55.5%
Albuquerque, New Mexico
49.8%
Raleigh, North Carolina
48.4%
Birmingham, Alabama
42.7%
Louisville, Kentucky
42.4%
Billings, Montana
35.5%
Sioux Falls, South Dakota
25.1%

You're not logged in!

Compare scores with friends on all Sporcle quizzes.
OR
Log In

Show Comments

Extras

Top Quizzes Today


Score Distribution

Your Account Isn't Verified!

In order to create a playlist on Sporcle, you need to verify the email address you used during registration. Go to your Sporcle Settings to finish the process.

Report this User

Report this user for behavior that violates our Community Guidelines.

Details: